000 00310nam a22001457a 4500
008 221010b ||||| |||| 00| 0 eng d
020 _a0070590133
041 _aeng
080 _a330.1
082 _a330.1
100 _a23.1
101 _aACC
245 _aFINANCIAL ACCOUNTING
_cSMITH J
942 _2udc
_cBK
999 _c58455
_d58455